Govt. of
Madhya Pradesh

हिन्‍दी माध्‍यन Class Notes Arithmetic 2023-24 (Record no. 66875)

MARC details
000 -LEADER
fixed length control field 00304nam a22001097a 4500
082 ## - DEWEY DECIMAL CLASSIFICATION NUMBER
Classification number 510
100 ## - MAIN ENTRY--AUTHOR NAME
Personal name Yadav,Rakesh
245 ## - TITLE STATEMENT
Title हिन्‍दी माध्‍यन Class Notes Arithmetic 2023-24
260 ## - PUBLICATION, DISTRIBUTION, ETC. (IMPRINT)
Place of publication Delhi
Name of publisher Rakesh Yadav
Year of publication 2024
650 ## - SUBJECT ADDED ENTRY--TOPICAL TERM
Topical Term Mathes
942 ## - ADDED ENTRY ELEMENTS (KOHA)
Koha item type Competitive Books
Holdings
Withdrawn status Lost status Damaged status Not for loan Home library Current library Date acquired Cost, normal purchase price Full call number Accession Number Price effective from Koha item type
        MACL MACL 21/05/2024 350.00 510 DPI002191 21/05/2024 Competitive Books
        MACL MACL 21/05/2024 350.00 510 DPI002192 21/05/2024 Competitive Books